Prehľad deskriptívnej geometrie /
Salvato in:
| Autore principale: | |
|---|---|
| Natura: | Libro |
| Lingua: | slovacco |
| Pubblicazione: |
Bratislava:
SVTL,
1964
|
| Edizione: | 2. vyd. |
| Serie: | Edícia teoretickej literatúry
|
| Soggetti: | |
| Tags: |
Nessun Tag, puoi essere il primo ad aggiungerne!!
|
MARC
| LEADER | 00000nam a22000003a 4500 | ||
|---|---|---|---|
| 001 | 0023301 | ||
| 003 | SK-STU | ||
| 005 | 20170413070111.4 | ||
| 007 | ta | ||
| 008 | 170411s ----xo-----e------000-0-----d | ||
| 040 | |a STU |b slo | ||
| 041 | 0 | |a slo |h slo | |
| 044 | |a xo | ||
| 100 | 1 | |a Filip, Jozef |4 aut |r Z5 | |
| 245 | 1 | 0 | |a Prehľad deskriptívnej geometrie / |c aut. Jozef Filip |
| 250 | |a 2. vyd. | ||
| 260 | |a Bratislava: |b SVTL, |c 1964 | ||
| 300 | |a 339 s. | ||
| 490 | 0 | |a Edícia teoretickej literatúry | |
| 650 | 0 | 7 | |a deskriptívna geometria |
| 996 | |b 284V040458 |c V* 52543/O-23700 |l VVS |s A |a 24 |w 0023301_0001 | ||